|
|
|
|
| LEADER |
00000nkm a2200000 a 4500 |
| 001 |
vtls011554351 |
| 003 |
SK-MaSNL |
| 005 |
20260512123412.0 |
| 007 |
kp bo |
| 008 |
231214s1960 xo g kuslo |
| 015 |
|
|
|a SNBG1960
|
| 035 |
|
|
|a urn:nbn:sk:snk-km00bjz1
|
| 035 |
|
|
|a urn:nbn:sk:snk-km3lmjv
|
| 035 |
|
|
|a 6CEFBE42-D11D-47E3-87C8-DF2CAE395AF6
|
| 040 |
|
|
|a SNK
|b slo
|c SNK
|e AACR2
|
| 041 |
0 |
|
|a slo
|
| 043 |
|
|
|a e-xo---
|
| 044 |
|
|
|a xo
|c SK
|
| 080 |
|
|
|a 908(437.6)
|2 2011
|
| 080 |
|
|
|a 551.332.56(234.374.4)
|2 2011
|
| 080 |
|
|
|a (084.121)
|2 2011
|
| 245 |
0 |
0 |
|a Vysoké Tatry
|h grafika
|b Štrbské Pleso : kúpalisko v pozadí Tupá (2293 m) a Končistá (2540 m)
|
| 260 |
|
|
|a Bratislava
|b Slovenské vydavateľstvo politickej literatúry
|c 1960
|
| 300 |
|
|
|a 1 pohľadnica
|b čiernobiela
|c 10 x 15 cm
|
| 651 |
|
7 |
|a Štrbské pleso (Vysoké Tatry, Slovensko)
|2 SNKPH
|9 174793
|
| 651 |
|
7 |
|a Tupá (Vysoké Tatry, Slovensko : štít)
|2 SNKPH
|9 56957
|
| 651 |
|
7 |
|a Končistá (Vysoké Tatry, Slovensko : štít)
|2 SNKPH
|9 55665
|
| 655 |
|
7 |
|a miestne pohľadnice
|2 SNKPH
|9 70510
|
| 852 |
|
|
|a Slovenská národná knižnica
|
| 958 |
|
|
|a GC
|
| 958 |
|
|
|a GBN
|
| 958 |
|
|
|a OND
|
| 999 |
|
|
|c 759355
|d 761285
|
| 952 |
|
|
|a SNK
|b SNK
|y PREZ
|7 0
|p 17A1183207
|o snkSP 14509
|0 0
|1 0
|4 0
|d 2016-05-23
|f 1
|l 0
|r 2026-02-24 00:00:09
|w 2026-02-24
|